| 000 | 00563nam a2200193 a 4500 | ||
|---|---|---|---|
| 005 | 20220328133308.0 | ||
| 008 | 991125n 000 0 spa u | ||
| 035 | _aUPN01000076692 | ||
| 100 | 1 |
_aGuevara Niebla, Gilberto, _d1944- _928545 |
|
| 222 |
_aREFORMA Y UTOPIA : _bREFLEXIONES SOBRE EDUCACION SUPERIOR |
||
| 245 | _aEntre la esperanza y el abismo | ||
| 300 | _a160-161 | ||
| 362 | _a1989 No. 2, oct.-dic. | ||
| 653 | 0 | _aCONFLICTOS UNIVERSITARIOS | |
| 653 | 0 | _aREFORMA UNIVERSITARIA | |
| 653 | 0 | _aU. DE G. | |
| 904 |
_aAC _b014503 |
||
| 905 | _aArticulo | ||
| 999 |
_c67936 _d67936 |
||